MARC 21 : (Record no. 132979)

MARC details
000 -LEADER
fixed length control field 00730nam a22002417a 4500
003 - CONTROL NUMBER IDENTIFIER
control field 0
005 - DATE AND TIME OF LATEST TRANSACTION
control field 20180821122322.0
008 - FIXED-LENGTH DATA ELEMENTS--GENERAL INFORMATION
fixed length control field 0
010 ## - LIBRARY OF CONGRESS CONTROL NUMBER
LC control number B-220032
020 ## - INTERNATIONAL STANDARD BOOK NUMBER
Terms of availability 1075.00
International Standard Book Number 9788170003847
035 ## - SYSTEM CONTROL NUMBER
System control number B-220032, B-220035, B-220042
037 ## - SOURCE OF ACQUISITION
Source of stock number/acquisition Cen Lib/Ret
040 ## - CATALOGING SOURCE
Original cataloging agency DPL
Language of cataloging EN
Transcribing agency 0
082 ## - DEWEY DECIMAL CLASSIFICATION NUMBER
Classification number 025.316
Item number ASW
100 ## - MAIN ENTRY--PERSONAL NAME
Personal name Aswal, R. S.
9 (RLIN) 36377
245 ## - TITLE STATEMENT
Title MARC 21 :
Statement of responsibility, etc by R. S. Aswal
Remainder of title cataloging format for 21st century /
260 ## - PUBLICATION, DISTRIBUTION, ETC. (IMPRINT)
Name of publisher, distributor, etc Ess Ess Publications
Place of publication, distribution, etc New Delhi
Date of publication, distribution, etc 2004
270 ## - ADDRESS
City New Delhi
Address 4837/24, Ansari Road, Darya Ganj
Postal code 110002
300 ## - PHYSICAL DESCRIPTION
Extent 514p.
Dimensions 22cm(Hb)
650 ## - SUBJECT ADDED ENTRY--TOPICAL TERM
Topical term or geographic name as entry element MARC format
9 (RLIN) 36378
650 ## - SUBJECT ADDED ENTRY--TOPICAL TERM
Topical term or geographic name as entry element Machine-readable bibliographic data
9 (RLIN) 36379
942 ## - ADDED ENTRY ELEMENTS (KOHA)
Source of classification or shelving scheme Dewey Decimal Classification
Koha item type English Books
Classification part 025.316
Call number suffix ASW
Holdings
Withdrawn status Lost status Damaged status Not for loan Home library Current library Date acquired Source of acquisition Cost, normal purchase price Total Checkouts Full call number Barcode Date last seen Date checked out Copy number Cost, replacement price Price effective from Koha item type Collection code Source of classification or shelving scheme
        Central Library Central Library 24/07/2015 Cen Lib/Ret 1075.00 4 025.316 ASW B-220032 01/10/2020 18/09/2020 1 1075.00 24/07/2015 English Books    
      Not For Loan Central Library Central Library 24/07/2015 Cen Lib/Ret 1075.00   025.316 ASW B-220033 24/07/2015   2 1075.00 24/07/2015 English Books Reference  
        Patel Nagar Patel Nagar 04/08/2018 BPPD/PUB 1075.00 1 025.316 ASW B-220035 04/09/2019 21/08/2019   1075.00 04/08/2018 English Books Non-fiction Dewey Decimal Classification
        Shahdara Branch Shahdara Branch 21/08/2018 BPPD/PUB 1075.00 1 025.316 ASW B-220042 03/05/2019 20/04/2019   1075.00 21/08/2018 English Books Non-fiction Dewey Decimal Classification

© Delhi Public Library
Hit Counter
free hit counter